000 00586nam a2200205Ii 4500
003 JO-AjNU
008 230606s9999||||xx |||||||||||||| ||und||
020 _a978-81-203-3530-1
040 _aJO-AjNU
_beng
_erda
_cJO-AjNU
041 _aeng
050 1 4 _aKD1629.2008
100 3 _aBose ، Chandra,
_eauthor
_9351
245 0 0 _aBusiness Law
264 3 1 _aNEW DEIHI : PHI LEARNING PRIVATE LIMITED ،2008
300 _a494p
336 _atext
_btxt
_2rdacontent
337 _aunmediated
_bn
_2rdamedia
338 _avolume
_bnc
_2rdacarrier
650 4 _aBusiness law -- Great Britain
_9352
999 _aE184
_c184
_d184